Olympiad online test package : (Record no. 169664)
[ view plain ]
| 000 -LEADER | |
|---|---|
| fixed length control field | 00568nam a22001697a 4500 |
| 005 - DATE AND TIME OF LATEST TRANSACTION | |
| control field | 20191128143506.0 |
| 010 ## - LCCN (DPL NO) | |
| LC control number | ENG-127019 |
| 020 ## - INTERNATIONAL STANDARD BOOK NUMBER | |
| Terms of availability | 395.00 |
| International Standard Book Number | 9357941843 |
| 035 ## - SYSTEM CONTROL NUMBER | |
| System control number | EN-110551 |
| 037 ## - SOURCE OF ACQUISITION | |
| Source of stock number/acquisition | DBAD/PUB |
| 082 ## - DEWEY DECIMAL CLASSIFICATION NUMBER | |
| Classification number | 000 |
| 245 ## - TITLE STATEMENT | |
| Title | Olympiad online test package : |
| Statement of responsibility, etc | by Prabhu Jhingran [and] Raghav Jhingran |
| Remainder of title | for IMO, NSO, IEO, NCO |
| 260 ## - PUBLICATION, DISTRIBUTION, ETC. (IMPRINT) | |
| Place of publication, distribution, etc | New Delhi |
| Name of publisher, distributor, etc | V & S Publishers |
| 270 ## - ADDRESS | |
| Address | F-2/16, Ansari Road, Daryaganj |
| City | New Delhi |
| Postal code | 110002 |
| Electronic mail address | info@vspublishers.com |
| Telephone number | 23240026, 23240027 |
| 300 ## - PHYSICAL DESCRIPTION | |
| Extent | 48p. |
| Dimensions | 23cm(pbk) |
| 942 ## - ADDED ENTRY ELEMENTS (KOHA) | |
| Source of classification or shelving scheme | Dewey Decimal Classification |
| Item type | English Books |
| Classification part | 000 |
| Withdrawn status | Lost status | Not for loan | Collection code | Home library | Current library | Date acquired | Source of acquisition | Cost, normal purchase price | Full call number | Barcode | Copy number | Cost, replacement price | Koha item type |
|---|---|---|---|---|---|---|---|---|---|---|---|---|---|
| Non-fiction | Central Library | Central Library | 28/11/2019 | DBAD/PUB | 395.00 | 000 | EN-110551 | 1 | 395.00 | English Books |
